000 01605nam a22003857i 4500
003 URS
005 20220117100107.0
008 160930b xxu||||| |||| 00| 0 eng d
020 _a1592135366 (hardcover : alk. paper)
020 _a1592135374 (pbk. : alk. paper)
020 _a9781592135370
040 _erda
_cURS
_bEnglish
042 _apcc
043 _an-us---
050 0 0 _aLC5131
_b.M85 2006
245 0 0 _aMultiethnic moments :
_bthe politics of urban education reform /
_cSusan E. Clarke...[and four others] ; foreword by Clarence N. Stone.
264 1 _aPhiladelphia :
_bTemple University Press,
_c©2006.
300 _axvi, 243 pages :
_billustrations ;
_c23 cm.
336 _atext
_btxt
_2rdacontent
337 _aunmediated
_bn
_2rdamedia
338 _avolume
_bnc
_2rdacarrier
504 _aIncludes bibliographical references (pages [220]-231) and index.
650 0 _aEducation, Urban
_vCase studies
_zUnited States.
650 0 _aEducational change
_zUnited States
_vCase studies.
651 0 _aUnited States
_xEthnic relations
_vCase studies.
700 _aClarke, Susan E.,
_d1945-
_eauthor.
700 _aHero, Rodney E.,
_eauthor.
700 _aSidney, Mara S.,
_eauthor.
700 _aFraga, Luis R.,
_eauthor.
700 _aErlichson, Bari A.,
_eauthor.
856 4 1 _3Table of contents
_uhttp://www.loc.gov/catdir/toc/ecip0611/2006011162.html
906 _a7
_bcbc
_corignew
_d1
_eecip
_f20
_gy-gencatlg
942 _2lcc
_cFR
999 _c10780
_d10780